| 000 | 01204nam a2200253Ia 4500 | ||
|---|---|---|---|
| 001 | 16275 | ||
| 003 | GE_BSU | ||
| 008 | 181216s||||||||xx |||||||||||||| ||und|| | ||
| 040 | _cGE_BSU | ||
| 080 | _a343 + 34.096(072) | ||
| 100 | _aმჭედლიშვილი-ჰედრიხი, ქეთევან | ||
| 245 | _aკაზუსის ამოხსნის მეთოდიკა სისხლის სამართალში = Methodik der Strafrechtlichen Fallbearbeitung | ||
| 245 | _cრედ:ნელი ელიზბარაშვილი | ||
| 250 | _aმე-2 შევს. და გადამუშ. გამოც. | ||
| 260 | _aთბილისი | ||
| 260 | _bმერიდიანი | ||
| 260 | _c2010 | ||
| 300 | _a200გვ, 20სმ. | ||
| 300 | _bპარალ. თავფურ. გერმ.. - ბიბლიოგრ. ტექსტ. შენიშვნ. და გვ. 198-199. | ||
| 541 | _h9ლ. | ||
| 653 | _aსისხლის სამართალი | ||
| 653 | _aსისხლის სამართალი; კაზუსების ამოხსნის მეთოდიკა; | ||
| 942 | _cBK | ||
| 999 |
_c49358 _d49358 |
||